Quizzes
Events
Quiz Creation
Community
Videos
Private Events
Remove Ads
Sign In
Join for FREE
Feedback
Dark Mode
Quiz Categories
Sports
Geography
Music
Movies
Television
Just For Fun
Miscellaneous
History
Literature
Language
Science
Gaming
Entertainment
Religion
Holiday
For Kids
Quiz Lab
Recent
Popular Today
Quiz Kudos Today
Editor Picks
Curator Picks
Quizzes by...
Day
Popularity
Type
Ratings
Length
Year
Community
Subscriptions
Recent Discussions
Orange Saloon
Badges
Playlists
Quests
Create
Leaderboards
Showdown
Live 5
Trivia Bingo
Activity
Puzzle Library
Sporcle Events
Private Events
Virtual Trivia
Globe League
Become a Host
Pub Owners
SporcleCon
Opinionation
Our Games
Videos
Blog
Mobile Apps
Partnerships
Remove Ads and Go Orange
Feedback
Sports
Athletes
MLB
NBA
NHL
NFL
Soccer
Sports Teams
WWE
NCAA
Football
Premier League
Basketball
Baseball
Hockey
Golf
Tennis
Cricket
Rugby
Auto Racing
Olympics
World Cup
Sports
Athletes
MLB
NBA
NHL
NFL
Soccer
Sports Teams
WWE
NCAA
Football
Premier League
Basketball
Baseball
Hockey
Golf
Tennis
Cricket
Rugby
Auto Racing
Olympics
World Cup
Random Quiz
Search Sporcle
×
Quiz Lab
Quiz Lab
Sports
NFL
Type in answers that appear in a list
Type in answers that appear in a list
Classic
Best Score? Go Orange.
NFL 2009 Leaders Stats
Can you name the NFL league leaders in 2009??
By
kraffcook
7m
21 Questions
1,828 Plays
1,828 Plays
1,828 Plays
Comments
Comments
Give Quiz Kudos
Give Quiz Kudos
-
- Ratings
hide this ad
Forced Order
Answers have to be entered in order
Answers have to be entered in order
Replay
Link that replays current quiz
Next Quiz
Link to next quiz in quiz playlist
You Got
0%
They Got
Avg Score
56%
Avg Friend Score
Upgrade to see
Score Distribution
Jump to the score distribution portion of the page
Score
0/21
Timer
07:00
0
Plays Today
Category
Leader
% Correct
Rushing Yards
Chris Johnson
87.1%
Passing %
Drew Brees
84%
Passing TDs
Drew Brees
83.9%
QB Rating
Drew Brees
80.9%
Receptions
Wes Welker
74.4%
Rushing TDs
Adrian Peterson
72.9%
Receiving Yards
Andre Johnson
71.1%
Receiving TDs
Randy Moss, Larry Fitzgerald, and Vernon Davis
69.5%
Passing Yards
Matt Schaub
67.2%
Passing Completions
Matt Schaub
66%
Passing Interceptions
Jay Cutler
65.8%
Category
Leader
% Correct
Interceptions
Jairus Byrd, Darren Sharper, Asante Samuel, and Charles Woodson
57.4%
Kick Return TDs
Josh Cribbs
55.9%
Defensive TDs
Darren Sharper and Charles Woodson
52.4%
Total TDs
Adrian Peterson
49.2%
Longest Field Goal
Sebastian Janikowski
44.9%
Sacks
Elvis Dumervil
37.6%
Field Goals Made
David Akers and Nate Kaeding
36%
Tackles
Patrick Willis
33%
Kick Return Yards
Danny Amendola
4.9%
Forced Fumbles
Shaun Phillips
2.5%
Quiz Playlist
Details
Report
Send in Message
Add To Playlist
Classic:
Type in answers that appear in a list
Forced Order:
Answers have to be entered in order
Quiz Source
Last Updated: Feb 16, 2017
Quiz Scoreboard
CHALLENGE
Sign Up to Join the Scoreboard
Show All
Scores
Hide
Comments
May contain spoilers
Recently Published
Click the 1999 NBA Draft
by nibperrychub
Sports
2m
Alphabetical 'K' Countries by Flag Minefield
by ylime102
Geography
3m
Pick 6: Fruits
by JohnFran
Miscellaneous
15s
More to Explore
Quiz From the Vault
Featured Blog Post
15 Basketball Trivia Facts You Can Be March Mad About
hide this ad
You Might Also Like...
Tags
NFL Quiz
2009
Category
League
stat
Today's Top Quizzes in Sports
Browse Sports
hide this ad
Today's Top Quizzes in NFL
Browse NFL
Top Contributed Quizzes in Sports
1
Don't Strike Out: 3000 Strikeouts
2
MLB 2 truths and a lie: Hall of Fame pitchers
3
Pick 6: NFL Teams
4
Criteria MLB: Left Handed Sluggers
5
MLB Players with Two .350 Batting Average Seasons
6
2022 World Cup Stars
7
Les joueurs à 100 buts en Ligue 1 Uber Eats
8
Millionaire: NBA Finals Edition
9
Pick 6: Minor League Baseball
10
Last 10 Members of the 500 HR Club in Order
Explore More
Trending Topics
Anime
Harry Potter
NBA
Disney
Kpop
Marvel
Crossword
Song
The Office
NFL
Pokémon
WWE
Puzzle
Soccer
Country
hide this ad
More By:
kraffcook
Quiz
Plays
Rating
Category
Featured
Created
NFL Rookie Quarterbacks
138,049
4.39
Sports
Oct 5, 2010
Before and After: US Sports
114,848
3.75
Sports
Dec 8, 2009
NFL Receiving TDs (2009)
114,123
4.13
Sports
Jan 14, 2010
NFL 2000s All-Decade Team
19,764
3.76
Sports
Nov 19, 2009
2000s NFL Leaders
14,699
4.17
Sports
Mar 12, 2010
Go to Creator's Profile
Score Distribution
Quiz Creator Spotlight
kraffcook
Follow
Send a Message
Quizzes Created
-
Created Quiz Play Count
-
More By This Creator
Popular Quizzes Today
1
Find the US States - No Outlines Minefield
2
Countries of Asia Without Outlines Minefield
3
Pick 6: Fruits
4
The Countries of the World
5
Alphabetical 'K' Countries by Flag Minefield
6
Click the 1999 NBA Draft
7
Match the Book to the Film X
8
Find the US States
More Sports Quizzes
BCS Teams (All-Time)
Published
Trending Quizzes
Pick 6: Harry Potter
Pick 6: Mountains
Pick 6: NFL Teams
Pick 6: Movie Franchises
Pick 6: Golfers
Recently Updated
Women's Final Four Teams by Year
bhenderson79
Presidents Quartet II
eogle
Anything But Clue(do)
eogle
Anything But Oceanian Capitals
eogle
Anything But 7
eogle
Anything But Thing
eogle
Word Ladder: February 29
pecheneg
Song Title Questions
pecheneg
Women's NCAA Tournament #1 Seeds
pecheneg
Celebrity Mug Shots
pecheneg
Trending Topics
Harry Potter
Kpop
Marvel
NBA
Disney
Anime
Crossword
Pokémon
NFL
Soccer
Song
Puzzle
Country
WWE
The Office
Your Account Isn't Verified!
In order to create a playlist on Sporcle, you need to verify the email address you used during registration. Go to your
Sporcle Settings
to finish the process.
Report this User
Report this user for behavior that violates our
Community Guidelines
.
Details:
Send Report
Go to the Sporcle.com Mobile Site →
Comments